Statistics for Cities by Wikipedia Descriptions #4

Click here to take the quiz!

General Stats

  • This quiz has been taken 8,911 times
  • The average score is 13 of 20

Answer Stats

HintAnswer% Correct
Founded as a British penal colony, the first European settlement in AustraliaSydney
97%
The Burj Al Arab is frequently described as "the world's only 7-star hotel"Dubai
83%
The city's early population originated from a mix of Latins, Etruscans, and SabinesRome
77%
The closest French town to EnglandCalais
74%
Hosted the Summer Olympics in 1932 and 1984, and will also host in 2028Los Angeles
73%
Lying on the northwest coast of Java, it is the largest metropole in Southeast Asia,Jakarta
71%
The riots were set off by the assassination of Indira Gandhi by her Sikh bodyguards
Delhi
70%
The most visited border city in the world, sharing a border of about 24 km (15 mi)
with its sister city San Diego
Tijuana
70%
The third-largest metropolitan area in Florida behind Miami and Tampa BayOrlando
69%
Home to the largest ethnic Polynesian population of any city in the world, with a sizeable
population of indigenous Māori people
Auckland
67%
Soweto, although eventually incorporated into the city, had been separated as a
residential area for blacks only
Johannesburg
66%
The legendary home of Robin HoodNottingham
64%
Its natural port is competitive with the other great port of
Río de la Plata, Buenos Aires
Montevideo
61%
Origin of the grunge subgenre of rock
Seattle
58%
Hitler ordered the entire city to be razed to the ground. About 85% of the city was destroyed,
including the historic Old Town and the Royal Castle.
Warsaw
58%
The capital and largest city of Guangdong province in southern ChinaGuangzhou
56%
The birthplace of the important early physicist Galileo GalileiPisa
48%
On 12 January 2010, a 7.0 earthquake struck. Most of the central historic area
of the city was destroyed.
Port-au-Prince
46%
The Beatles lived and played there from August 1960 to December 1962Hamburg
33%
Has established the world-renowned research base for giant pandasChengdu
32%

Score Distribution

Percentile by Number Answered

Percent of People with Each Score

Your Score History

You have not taken this quiz